000 03932cam a22008537i 4500
999 _c54221
001 v69mtg3wsrjprj96
003 LIBRIS
005 20201103132706.0
008 200406s2020 ne a|||||b||||001 0|eng|d
015 _aGBC011583
_2bnb
016 7 _a019688912
_2Uk
020 _a9780323673228
_q(pbk.) :
020 _a0323673228
035 _a(OCoLC)on1140124279
040 _aLmem
_beng
_dOCLCO
_dOCLCF
_ei
_erda
041 _aeng
082 0 4 _a616.9041
_223
084 _aVab
_2kssb/8 (machine generated)
100 1 _aMurray, Patrick R.
_4aut
245 1 0 _aMedical microbiology /
_cPatrick R. Murray, Ken S. Rosenthal, Michael A. Pfaller.
250 _aNinth edition.
264 1 _aAmsterdam :
_bElsevier,
_c2020
300 _a1 volume
_billustrations (black and white, and colour)
_c28 cm
336 _atext
_btxt
_2rdacontent
336 _astill image
_bsti
_2rdacontent
337 _aunmediated
_bn
_2rdamedia
338 _avolume
_bnc
_2rdacarrier
504 _aIncludes bibliographical references and index.
650 7 _aMedicinsk mikrobiologi
_0https://id.kb.se/term/sao/Medicinsk%20mikrobiologi
_2sao
650 7 _aParasitologi
_0https://id.kb.se/term/sao/Parasitologi
_2sao
650 0 _aMedical microbiology.
650 1 2 _aMicrobiology.
650 2 2 _aMicrobiological Techniques.
650 2 2 _aParasitology.
650 7 _aMedical microbiology.
_2fast
650 0 _aMedical microbiology
650 0 _aParasitology
653 _aMedicinsk mikrobiologi
653 _aMedical microbiology
700 1 _aRosenthal, Ken S.
_4aut
700 1 _aPfaller, Michael A.
_4aut
887 _a{"@id":"v69mtg3wsrjprj96","modified":"2020-06-23T13:19:00.519+02:00","checksum":"127828238850"}
_2librisxl
887 _a{"@id":"9mw4cqgk7160wv3p","modified":"2020-06-22T10:05:10.37+02:00","checksum":"191312082712"}
_2librisxl
887 _a{"@id":"3fpc4zbb1d207v3l","modified":"2020-05-14T16:23:14.383+02:00","checksum":"182167751887"}
_2librisxl
887 _a{"@id":"lx6xg548jnsr3blr","modified":"2020-05-29T15:17:48.02+02:00","checksum":"170066125148"}
_2librisxl
887 _a{"@id":"v69mvw99s5s78j15","modified":"2020-04-06T16:43:34.979+02:00","checksum":"186894804012"}
_2librisxl
887 _a{"@id":"6jz503hf4cjf6grv","modified":"2020-06-23T13:19:13.178+02:00","checksum":"184356497153"}
_2librisxl
887 _a{"@id":"9mq28x40717bsznf","modified":"2020-04-06T16:38:22.002+02:00","checksum":"188809478389"}
_2librisxl
887 _a{"@id":"jwgl65xng2strnvh","modified":"2020-08-05T13:07:23.166+02:00","checksum":"168627590416"}
_2librisxl
887 _a{"@id":"s5sck1jsqsc8z062","modified":"2020-08-26T15:56:54.688+02:00","checksum":"181210876605"}
_2librisxl
887 _a{"@id":"0c0sshn6xhrf1mxv","modified":"2020-09-24T11:43:30.857+02:00","checksum":"179568206130"}
_2librisxl
942 _2z
_cBOOK